| 000 | 01591nam0a22002771 4500 | ||
|---|---|---|---|
| 001 | rc\2129046 | ||
| 005 | 20190911162848.0 | ||
| 035 | _a(NLR Aleph) 006625930 | ||
| 090 |
_a7499556 _c7499556 |
||
| 100 | _a20110829d1978 |||y0rusy50 ca | ||
| 101 | 1 |
_arus _cgeo |
|
| 102 | _aRU | ||
| 105 | _ay z |||a| | ||
| 200 | 1 |
_aГрузинская лира _eСтихи _e[Сборник] _fПер. с груз. Василия Лаперашвили |
|
| 210 |
_aТбилиси _cМерани _d1978 |
||
| 215 |
_a52 с. _d17 |
||
| 327 | 0 | _aАвт.: Н. Бараташвили, В. Пшавела, Р. Эристави, Г. Табидзе, Т. Табидзе, Г. Абашидзе, К. Каладзе, Р. Маргиани, Х. Берулава, Т. Джангулашвили, Н. Киласониа | |
| 464 | 0 |
_1701#1$aБараташвили$bН. М.$f1817-1845$gНиколоз Мелитонович _1701#1$aПшавела$bВ. _1701#1$aЭристави$bР. Д.$f1824-1901$gРафаель Давидович _1701#1$aТабидзе$bГ. _1701#1$aТабидзе$bТ. Ю.$f1895-1937$gТициан Юстинович$3RU\NLR\AUTH\770210497 _1701#1$aАбашидзе$bГ. _1701#1$aКаладзе$bК. _1701#1$aМаргиани$bР. _1701#1$aБерулава$bХ. _1701#1$aДжангулашвили$bТ. _1701#1$aКиласониа$bН. |
|
| 702 | 1 |
_aЛаперашвили _bВ. А. _gВасилий Александрович _4730 |
|
| 801 | 0 |
_aRU _bNLR _gpsbo |
|
| 801 | 1 |
_aRU _bELAR _2rusmarc |
|
| 852 |
_aNLR _j78-2/2790 |
||
| 899 |
_aRuMoRGB _jБ 78-43/554 |
||
| 942 | _cBOOK | ||
| 980 | _aNB | ||